000 00279nam a2200097Ia 4500
008 220204s9999 xx 000 0 und d
082 _a929(058)
_bINT
245 0 _aInternational yearbook and statesman's who's who
260 _aGreat Britain
_bKelly's Directories
_c1976
942 _cBK
999 _c24608
_d24608